Migration and remittances: inter-urban and rural-urban linkages (Record no. 10172)
[ view plain ]
| 000 -LEADER | |
|---|---|
| fixed length control field | 00530nam a2200169Ia 4500 |
| 020 ## - INTERNATIONAL STANDARD BOOK NUMBER | |
| ISBN | 81703694583 |
| 082 ## - DEWEY DECIMAL CLASSIFICATION NUMBER | |
| Classification number | 307.240954 CHA-M |
| 100 ## - MAIN ENTRY--AUTHOR NAME | |
| Personal name | Chaudhuri, Jayasri Ray |
| 245 #0 - TITLE STATEMENT | |
| Title | Migration and remittances: inter-urban and rural-urban linkages |
| 260 ## - PUBLICATION, DISTRIBUTION, ETC. (IMPRINT) | |
| Place of publication | New Delhi |
| Name of publisher | Sage Publications |
| Year of publication | 1993 |
| 300 ## - PHYSICAL DESCRIPTION | |
| Number of Pages | 261 |
| 504 ## - BIBLIOGRAPHY, ETC. NOTE | |
| Bibliography, etc | includes bibliography |
| 650 ## - SUBJECT ADDED ENTRY--TOPICAL TERM | |
| Topical Term | Rural |
| Form subdivision | Urban migration |
| Geographic subdivision | India |
| -- | Durgapur |
| 650 ## - SUBJECT ADDED ENTRY--TOPICAL TERM | |
| Topical Term | Migrant remittances |
| Geographic subdivision | India |
| -- | Durgapur |
| 650 ## - SUBJECT ADDED ENTRY--TOPICAL TERM | |
| Topical Term | Durgapur(India) |
| Form subdivision | Economic conditions |
| 942 ## - ADDED ENTRY ELEMENTS (KOHA) | |
| Koha item type | Books |
| Source of classification or shelving scheme | Dewey Decimal Classification |
| Withdrawn status | Lost status | Damaged status | Not for loan | Collection code | Home library | Current library | Date acquired | Bill Date | Full call number | Accession Number | Price effective from | Koha item type |
|---|---|---|---|---|---|---|---|---|---|---|---|---|
| Docas Gratis Books | NASSDOC Library | NASSDOC Library | 28/09/2016 | 2005-03-16 | 307.240954 CHA-M | DG000190 | 18/04/2019 | Books |
